| 000 | 01831nam0a2200313 4500 | ||
|---|---|---|---|
| 001 | RU\NLR\BIBL_A\022456636 | ||
| 005 | 20250408111217.0 | ||
| 010 | _a978-5-91186-054-7 | ||
| 021 |
_aRU _bКН-П-24-081869 _9КН-П-24-8158 |
||
| 035 | _a(NLR Aleph) 022456636 | ||
| 090 |
_a13361188 _c13361188 |
||
| 100 | _a20250213d2024 u y0rusy50 ca | ||
| 101 | 0 | _arus | |
| 102 | _aRU | ||
| 105 | _aa j 000yy | ||
| 181 | 0 |
_ai3 _baxxe |
|
| 182 | 0 | _an | |
| 200 | 1 |
_aОсновы технологии машиностроения _eучебное пособие _eдля студентов очной и заочной форм обучения по специальностям 21.05.04 "Горное дело" и 02.05.00 "Машиностроение" _fА. Н. Блудов _gФилиал Федерального государственного автономного образовательного учреждения высшего образования "Национальный исследовательский технологический университет "МИСИС" в г. Губкине Белгородской области |
|
| 203 |
_aТекст _bвизуальный _cнепосредственный |
||
| 210 |
_aГубкин _c[б. и.] _aСтарый Оскол _cКириллица _d2024 |
||
| 215 |
_a114 с. _cил. _d21 |
||
| 320 | _aБиблиогр.: с. 114 (10 назв.) | ||
| 606 | 1 |
_aМашиностроение _jУчебные издания для высших учебных заведений _xТехнологические процессы _9947635 _3RU\NLR\AUTH\66351664 |
|
| 686 | 1 | _aК5я73-1 | |
| 700 | 1 |
_aБлудов _bА. Н. _gАлександр Николаевич |
|
| 942 | _cBOOK | ||
| 980 | _aNB | ||